Animal societies : (Record no. 15759)
[ view plain ]
| 000 -LEADER | |
|---|---|
| fixed length control field | 00449nam a22001337a 4500 |
| 020 ## - INTERNATIONAL STANDARD BOOK NUMBER | |
| ISBN | 4762205141 |
| 040 ## - CATALOGING SOURCE | |
| Transcribing agency | DLC |
| 082 ## - DEWEY DECIMAL CLASSIFICATION NUMBER | |
| Classification number | 777 SOL 1987 A088 Or. |
| 245 00 - TITLE STATEMENT | |
| Title | Animal societies : |
| Remainder of title | theories and facts / |
| 260 ## - PUBLICATION, DISTRIBUTION, ETC. (IMPRINT) | |
| Place of publication | Tokyo : |
| Name of publisher | Japan Scientific Societies Press : |
| -- | Sole distributor for the outside Japan, Business Center for Academic Societies Japan, |
| Year of publication | c1987. |
| 300 ## - PHYSICAL DESCRIPTION | |
| Number of Pages | xvi, 291 p. : |
| Other physical details | ill. ; |
| Dimensions | 24 cm. |
| 700 1# - ADDED ENTRY--PERSONAL NAME | |
| Personal name | Itō, Yoshiaki, |
| 942 ## - ADDED ENTRY ELEMENTS (KOHA) | |
| Koha item type | សៀវភៅភាសាអង់គ្លេស |
| 952 ## - LOCATION AND ITEM INFORMATION (KOHA) | |
| Withdrawn status [LOCAL, KOHA] | 0 |
| Permanent Location | Date acquired | Koha item type | Lost status | Shelving location | Barcode | Current Location | Full call number |
|---|---|---|---|---|---|---|---|
| Library Block A | 2017-12-08 | សៀវភៅភាសាអង់គ្លេស | A088 | A09978 | Library Block A | 777 SOL 1987 A088 Or. |